000 00607nam a2200193Ia 4500
005 20260114185747.0
008 008 260114s9999 xx 000 0 eng d
020 _a9781350194380
037 _aEBOOK
040 _aCRL
_beng
_cCRL
041 _aeng
_2eng
084 _qCRL
100 _aIsabelle de le Court
_9874073
245 0 _aPost-Traumatic Art in the City Between War and Cultural Memory in Sarajevo and Beirut
260 _bBloomsbury
_c2020
856 _uhttps://doi.org/10.5040/9781350194380?locatt=label:secondary_bloomsburyCollections
942 _cEBOOK
999 _c1473009
_d1473009